LDR 00806naa#a2200193#i#450# 001 EN\\bibl\122339 005 20260430221405.4 011 ## _a2307-7476 100 ## _a20260410b2026####ek#y0engy0150####ca 102 ## _aRU 200 1# _aFIRE HAZARD FORECASTING BASED ON NEURAL NETWORK PROCESSING OF SPACE MONITORING DATA _eJournal article 210 1# _aSaint-Petersburg _cSaint-Petersburg University of State Fire Service of Emercom of Russia _d2026 215 ## _a10 с. 608 ## _aJournal article _2local 675 ## _aИскусственный интеллект. 004.8 _aНесчастные случаи, их опасность, профилактика и борьба с ними. 614.8 _z 700 #1 _aOstudin _gNikita V. 700 #1 _aMatveev _gAlexandr V. 700 #1 _aSavinova _gEkaterina S. 856 4# _ajournals.igps.ru _u